| 000 | 00588nam a2200229Ia 4500 | ||
|---|---|---|---|
| 003 | OSt | ||
| 005 | 20220926040445.0 | ||
| 006 | a|||||r|||| 00| 0 | ||
| 007 | ta | ||
| 008 | 220923b |||||||| |||| 00| 0 eng d | ||
| 037 | _cGeneral Book | ||
| 040 |
_aRTL _cRTL _beng |
||
| 041 |
_2eng _aeng |
||
| 082 | _aX:72, K5 | ||
| 100 |
_aHeilbroner Robert L. _9114401 |
||
| 245 | 0 | _aUnderstanding macroeconomic | |
| 260 | _c1968 | ||
| 300 |
_a242p _ccm. |
||
| 650 |
_aMacro Economics _9243911 |
||
| 942 |
_hX:72, K5 _cGB _2CC |
||
| 999 |
_c664817 _d664817 |
||